书目信息 |
| 题名: |
建筑工程类专业实习实训全程指导
|
|
| 作者: | 李海峰 , 陈瑞波 主编 | |
| 分册: | 管理分册 | |
| 出版信息: | 北京 中国环境出版社 2014 |
|
| 页数: | 92页 | |
| 开本: | 26cm | |
| 丛书名: | ||
| 单 册: | ||
| 中图分类: | TU-45 | |
| 科图分类: | ||
| 主题词: | 建筑工程--实习--高等学校--教学参考资料 , 建筑工程 , 实习 | |
| 电子资源: | ||
| ISBN: | 978-7-5111-1530-0 | |
| 000 | 01051nam0 2200265 450 | |
| 001 | 142286 | |
| 005 | 20141220142821.62 | |
| 010 | @a978-7-5111-1530-0@dCNY 18.00 | |
| 100 | @a20140929d2014 em y0chiy50 ea | |
| 101 | 0 | @achi |
| 102 | @aCN@b110000 | |
| 105 | @aa z 000yy | |
| 200 | 1 | @a建筑工程类专业实习实训全程指导@9jian zhu gong cheng lei zhuan ye shi xi shi xun quan cheng zhi dao@i管理分册@b专著@f陈瑞波,李海峰主编 |
| 210 | @a北京@c中国环境出版社@d2014 | |
| 215 | @a92页@c图@d26cm | |
| 300 | @a高等院校实习实训指导教材 | |
| 330 | @a本书介绍了建筑工程(含建筑工程管理)类专业的学生实习实训全程管理内容,讲解了实习实训过程中应知应会的部分专业知识。全书共7章,内容包括:实习实训的分类和目标要求、实习实训的准备、毕业实习岗位的选择、实习实训的资料准备、实习实训的安全常识和纪律要求等。 | |
| 606 | 0 | @a建筑工程@x实习@x高等学校@j教学参考资料 |
| 606 | 0 | @a建筑工程 |
| 606 | 0 | @a实习 |
| 690 | @aTU-45@v5 | |
| 701 | 0 | @a李海峰@9li hai feng@4主编 |
| 701 | 0 | @a陈瑞波@9chen rui bo@4主编 |
| 801 | 0 | @c20141220 |
| 905 | @a241430@dTU-45@eC540 | |
| 建筑工程类专业实习实训全程指导.管理分册/陈瑞波,李海峰主编.-北京:中国环境出版社,2014 |
| 92页:图;26cm |
| 高等院校实习实训指导教材 |
| ISBN 978-7-5111-1530-0:CNY 18.00 |
| 本书介绍了建筑工程(含建筑工程管理)类专业的学生实习实训全程管理内容,讲解了实习实训过程中应知应会的部分专业知识。全书共7章,内容包括:实习实训的分类和目标要求、实习实训的准备、毕业实习岗位的选择、实习实训的资料准备、实习实训的安全常识和纪律要求等。 |
| ● |
| 相关链接 |
|
|
|
正题名:建筑工程类专业实习实训全程指导
索取号:TU-45/C540
 
预约/预借
| 序号 | 登录号 | 条形码 | 馆藏地/架位号 | 状态 | 备注 |
| 1 | 1134475 | 211344758 | 建筑库101/101建筑库 12排2列5层/ [索取号:TU-45/C540] | 在馆 | |
| 2 | 1134476 | 211344767 | 建筑库101/101建筑库 12排2列5层/ [索取号:TU-45/C540] | 在馆 | |
| 3 | 1134477 | 211344776 | 建筑库101/101建筑库 12排2列5层/ [索取号:TU-45/C540] | 在馆 |